000
00328ntaaa2200145 4500
003
01
005
20251027201112.0
008
0714s1973 ag 01
040
_a
AR-BaBN
_b
spa
_c
AR-BaBN
_e
aacr
_d
RIC
082
_a
205.5
245
_a
Bilychmis
250
_a
1 ed.,
_c
1913/8
500
_a
Este es un numero de una revista
942
_c
BK
999
_c
5218
_d
5218